[Event "Swiss Queens Wed #7"]
[Site "FIDE Online Arena INT"]
[Date "2024.03.13"]
[Round "5"]
[White "Lakshmi, Priya Batta"]
[Black "Miladinovic, Lena"]
[Result "0-1"]
[WhiteElo "1420"]
[BlackElo "2111"]
[PlyCount "72"]
[EventDate "2024.03.13"]
[EventType "swiss (blitz)"]
[EventRounds "11"]
[EventCountry "NET"]
[SourceTitle "CB12_2024"]
[SourceDate "2023.10.01"]
[SourceVersion "1"]
[SourceVersionDate "2023.10.01"]
[SourceQuality "1"]

1. d4 Nf6 2. Nf3 e6 3. Bf4 c5 4. c3 Nc6 5. e3 Nh5 6. Bg3 Nxg3 7. hxg3 Qb6 8. Qc2 g6 9. Nbd2 Bg7 10. Be2 d5 11. 0-0 cxd4 12. exd4 Bd7 13. Rfe1 Rc8 14. Qd3 0-0 15. Ne5 Nxe5 16. dxe5 Bxe5 17. Nf3 Bg7 18. Qd2 Bc6 19. c4 Rfd8 20. Qc2 dxc4 21. Bxc4 Bd5 22. b3 Qb4 23. Rad1 b5 24. Qb1 bxc4 25. bxc4 Qxb1 26. Rxb1 Rxc4 27. Rb7 Bxb7 28. a3 Bxf3 29. gxf3 Rc2 30. Rb1 Rdd2 31. Rb7 Rxf2 32. Rxa7 Rg2+ 33. Kf1 Bd4 34. Ra8+ Kg7 35. Rg8+ Kxg8 36. Ke1 Rg1# 0-1

[Event "Swiss Queens Wed #5"]
[Site "FIDE Online Arena INT"]
[Date "2024.02.28"]
[Round "10"]
[White "Lakshmi, Priya Batta"]
[Black "Kruusiauk, Heda"]
[Result "1-0"]
[WhiteElo "1028"]
[BlackElo "1677"]
[PlyCount "61"]
[EventDate "2024.02.28"]
[EventType "swiss (blitz)"]
[EventRounds "11"]
[EventCountry "NET"]
[SourceTitle "CB10_2024"]
[SourceDate "2024.03.06"]
[SourceVersion "1"]
[SourceVersionDate "2024.03.06"]
[SourceQuality "1"]

1. d4 Nf6 2. Nf3 d6 3. Bf4 g6 4. e3 Bg7 5. Be2 0-0 6. Nbd2 Bg4 7. h3 Bxf3 8. Bxf3 c6 9. 0-0 Nbd7 10. e4 e5 11. dxe5 dxe5 12. Bh2 Qe7 13. Nc4 Rad8 14. Na5 Nc5 15. Qe2 Bh6 16. Rad1 Rfe8 17. Nc4 Bf4 18. Bxf4 exf4 19. e5 Nd5 20. Rfe1 Qg5 21. Bxd5 cxd5 22. Nd6 Rxd6 23. Qb5 Rc6 24. Rxd5 f3 25. g3 h5 26. Rxc5 Rxc5 27. Qxe8+ Kg7 28. e6 Rf5 29. exf7 Rxf7 30. Qe5+ Kh7 31. Qxg5 1-0

[Event "Swiss Queens Wed #5"]
[Site "FIDE Online Arena INT"]
[Date "2024.02.28"]
[Round "2"]
[White "Lakshmi, Priya Batta"]
[Black "Priyanka, Nutakki"]
[Result "0-1"]
[WhiteElo "1028"]
[BlackElo "2272"]
[PlyCount "56"]
[EventDate "2024.02.28"]
[EventType "swiss (blitz)"]
[EventRounds "11"]
[EventCountry "NET"]
[SourceTitle "CB10_2024"]
[SourceDate "2024.03.06"]
[SourceVersion "1"]
[SourceVersionDate "2024.03.06"]
[SourceQuality "1"]

1. d4 c5 2. dxc5 e6 3. Nf3 Bxc5 4. Bf4 Nc6 5. e3 Qb6 6. b3 Nf6 7. Nbd2 d5 8. Bd3 0-0 9. 0-0 Bd7 10. e4 Nh5 11. Be5 f6 12. Bb2 Nf4 13. Be2 Rad8 14. e5 fxe5 15. Nxe5 Nxe5 16. Bxe5 Ng6 17. Bb2 Bxf2+ 18. Rxf2 Qxf2+ 19. Kh1 e5 20. Nf3 d4 21. c3 dxc3 22. Bxc3 Bb5 23. Bc4+ Bxc4 24. Qc2 Qxc2 25. bxc4 Rd1+ 26. Rxd1 Qxd1+ 27. Be1 Qxe1+ 28. Nxe1 Rf1# 0-1